Word becomes image : openwork vessels as a reflection of late antique transformation /
This study presents a diachronic investigation providing a rich case study as well as an approach tracing the contours of a category of Roman material culture defined by the Roman period technique of openwork carving. As the first comprehensive assemblage of openwork vessels from Classical to late A...
المؤلف الرئيسي:
التنسيق: كتاب الكتروني
اللغة: English
منشور في:
Oxford :
Archaeopress Publishing Ltd,
[2015]
سلاسل:
Archaeopress archaeology.
الموضوعات:
الوصول للمادة أونلاين: Login to view Source
الوسوم: إضافة وسم
رقم الطلب: NK5500
| LEADER | 02265nam a2200409 i 4500 | ||
|---|---|---|---|
| 001 | EDZ0001355524 | ||
| 003 | StDuBDS | ||
| 005 | 20230412181552.0 | ||
| 006 | m|||||o||d|||||||| | ||
| 007 | cr ||||||||||| | ||
| 008 | 150617t20152015enka fob 000|0|eng|d | ||
| 020 | |a 9781784911300 (PDF ebook) : |c No price | ||
| 040 | |a StDuBDS |b eng |c StDuBDS |e rda |e pn | ||
| 050 | 4 | |a NK5500 | |
| 082 | 0 | 4 | |a 736.0937 |2 23 |
| 100 | 1 | |a Meredith, Hallie, |d 1976- |e author. | |
| 245 | 1 | 0 | |a Word becomes image : |b openwork vessels as a reflection of late antique transformation / |c Hallie G. Meredith. |
| 264 | 1 | |a Oxford : |b Archaeopress Publishing Ltd, |c [2015] | |
| 264 | 4 | |c ©2015 | |
| 300 | |a 1 online resource : |b illustrations (black and white). | ||
| 336 | |a text |2 rdacontent | ||
| 336 | |a still image |2 rdacontent | ||
| 337 | |a computer |2 rdamedia | ||
| 338 | |a online resource |2 rdacarrier | ||
| 490 | 1 | |a Archaeopress archaeology | |
| 504 | |a Includes bibliographical references. | ||
| 520 | 8 | |a This study presents a diachronic investigation providing a rich case study as well as an approach tracing the contours of a category of Roman material culture defined by the Roman period technique of openwork carving. As the first comprehensive assemblage of openwork vessels from Classical to late Antiquity, this work offers primary evidence documenting a key example of the fundamental shift from naturalism to abstraction in which inscriptions are transformed and word becomes image. A glass blower herself, Hallie Meredith poses questions about process, tactility and reception providing a clear picture of the original contexts of production and reception demonstrated by the Roman technique of openwork carving. | |
| 521 | |a Specialized. | ||
| 588 | |a Description based on online resource; title from home page (viewed on March 15, 2016). | ||
| 650 | 0 | |a Carving (Decorative arts) |z Italy |z Rome. | |
| 651 | 0 | |a Rome (Italy) |x Antiquities. | |
| 776 | 0 | 8 | |i Print version : |z 9781784911294 |
| 830 | 0 | |a Archaeopress archaeology. | |
| 856 | 4 | 0 | |3 Archaeopress |u http://library.arce.org:8087/Archaeopress/Products/9781784911294 |
| 942 | |2 lcc |c EBOOK | ||
| 952 | |0 0 |1 0 |4 0 |6 NK5500 |7 1 |9 46064 |a ARCH |b ARCH |d 2023-04-12 |l 0 |o NK5500 |r 2023-04-12 00:00:00 |w 2023-04-12 |y EBOOK | ||
| 999 | |c 51722 |d 51722 | ||
